Powiaty w roku 1968 na mapie - Statystyki

Ogólne statystyki
  • Ten quiz został rozwiązany 96 razy
  • Średni wynik to 240 z 395
Odpowiedzi na mapie
Odpowiedzi zakodowano w zielono-czerwonej skali na mapie do tego quizu, zgodnie z poniższymi procentami.
 
Statystyki odpowiedzi
Odpowiedź % Poprawnych
Miasto {Warszawa}
88%
Miasto {Kraków}
82%
Miasto {Radom}
81%
Krakowski
79%
Miasto {Kielce}
79%
Miasto {Łódź}
79%
Miasto {Lublin}
79%
Miasto {Rzeszów}
79%
Miasto {Siedlce}
79%
Miasto {Zakopane}
79%
Bielski
78%
Jeleniogórski
78%
Miasto {Jelenia Góra}
78%
Miasto {Nowy Sącz}
78%
Miasto {Opole}
78%
Miasto {Poznań}
78%
Miasto {Pruszków}
78%
Miasto {Wrocław}
78%
Rzeszowski
78%
Siedlecki
78%
Białostocki
76%
Kielecki
76%
Miasta {Zielona Góra}
76%
Miasto {Białystok}
76%
Miasto {Częstochowa}
76%
Miasto {Gdańsk}
76%
Miasto {Gdynia}
76%
Miasto {Katowice}
76%
Miasto {Olsztyn}
76%
Miasto {Przemyśl}
76%
Miasto {Sopot}
76%
Miasto {Szczecin}
76%
Miasto {Tarnów}
76%
Opolski
76%
Częstochowski
75%
Koszaliński
75%
Miasto {Gorzów Wielkopolski}
75%
Miasto {Kalisz}
75%
Miasto {Koszalin}
75%
Nowosądecki
75%
Olsztyński
75%
Pruszkowski
75%
Radomski
75%
Tarnowski
75%
Zielonogórski
75%
Gorzowski
73%
Kaliski
73%
Miasto {Bielsko-Biała}
73%
Miasto {Bydgoszcz}
73%
Miasto {Elbląg}
73%
Miasto {Gniezno}
73%
Miasto {Leszno}
73%
Miasto {Pabianice}
73%
Miasto {Płock}
73%
Miasto {Słupsk}
73%
Miasto {Toruń}
73%
Miasto {Wałbrzych}
73%
Poznański
73%
Przemyski
73%
Słupski
73%
Suwalski
73%
Wrocławski
73%
Elbląski
72%
Kłodzki
72%
Koniński
72%
Krośnieński
72%
Legnicki
72%
Lubelski
72%
Miasto {Dąbrowa Górnicza}
72%
Miasto {Gliwice}
72%
Miasto {Legnica}
72%
Miasto {Otwock}
72%
Miasto {Sosnowiec}
72%
Miasto {Zamość}
72%
Nyski
72%
Płocki
72%
Pucki
72%
Wałbrzyski
72%
Wołomiński
72%
Gdański
70%
Gnieźnieński
70%
Miasto {Chełm}
70%
Miasto {Piotrków Trybunalski}
70%
Miasto {Ruda Śląska}
70%
Miasto {Stalowa Wola}
70%
Miasto {Tczew}
70%
Miasto {Tychy}
70%
Miasto {Zgierz}
70%
Nowotarski
70%
Tczewski
70%
Zamojski
70%
Bieszczadzki
69%
Bocheński
69%
Brzeski
69%
Bydgoski
69%
Ciechanowski
69%
Ełcki
69%
Głogowski
69%
Gołdapski
69%
Kołobrzeski
69%
Leszczyński
69%
Miasto {Bytom}
69%
Miasto {Chorzów}
69%
Miasto {Cieszyn}
69%
Miasto {Piła}
69%
Miasto {Zabrze}
69%
Ostrowski
69%
Otwocki
69%
Piaseczyński
69%
Piotrkowski
69%
Sandomierski
69%
Skierniewicki
69%
Tarnobrzeski
69%
Toruński
69%
Zgorzelecki
69%
Żywiecki
69%
Bełchatowski
67%
Chełmski
67%
Cieszyński
67%
Dąbrowski
67%
Łomżyński
67%
Miasto {Grudziądz}
67%
Miasto {Inowrocław}
67%
Miasto {Rybnik}
67%
Mielecki
67%
Nowodworski
67%
Ostrołęcki
67%
Oświęcimski
67%
Średzki
67%
Tomaszowski
67%
Augustowski
66%
Gorlicki
66%
Grudziądzki
66%
Jasielski
66%
Kartuski
66%
Łódzki
66%
Malborski
66%
Miasto {Włocławek}
66%
Miasto {Zawiercie}
66%
Miasto {Żyrardów}
66%
Miński
66%
Strzelecki
66%
Świdnicki
66%
Szczeciński
66%
Wadowicki
66%
Bialski
64%
Bolesławiecki
64%
Gliwicki
64%
Grójecki
64%
Hajnowski
64%
Hrubieszowski
64%
Kolski
64%
Lęborski
64%
Lubiński
64%
Miasto {Dębica}
64%
Miasto {Jaworzno}
64%
Miasto {Mysłowice}
64%
Miasto {Ostrowiec Świętokrzyski}
64%
Miasto {Ostrów Wielkopolski}
64%
Miasto {Starachowice}
64%
Milicki
64%
Mławski
64%
Mrągowski
64%
Oławski
64%
Puławski
64%
Rybnicki
64%
Sanocki
64%
Wejherowski
64%
Chojnicki
63%
Dębicki
63%
Gryficki
63%
Iławski
63%
Inowrocławski
63%
Kamieński
63%
Kwidzyński
63%
Limanowski
63%
Miasto {Będzin}
63%
Miasto {Racibórz}
63%
Myślenicki
63%
Nowosolski
63%
Prudnicki
63%
Radomszczański
63%
Sieradzki
63%
Słubicki
63%
Sochaczewski
63%
Sokólski
63%
Włocławski
63%
Wodzisławski
63%
Wschowski
63%
Zawierciański
63%
Biłgorajski
61%
Braniewski
61%
Garwoliński
61%
Gostyński
61%
Grajewski
61%
Gryfiński
61%
Jarosławski
61%
Jędrzejowski
61%
Miasto {Świdnica}
61%
Miasto {Świętochłowice}
61%
Międzyrzecki
61%
Namysłowski
61%
Obornicki
61%
Pułtuski
61%
Raciborski
61%
Śremski
61%
Stargardzki
61%
Starogardzki
61%
Tucholski
61%
Zambrowski
61%
Żarski
61%
Brodnicki
60%
Chrzanowski
60%
Głubczycki
60%
Kluczborski
60%
Leski
60%
Łowicki
60%
Lubliniecki
60%
Miasto {Skarżysko-Kamienna}
60%
Oleśnicki
60%
Olkuski
60%
Ostródzki
60%
Sejneński
60%
Sokołowski
60%
Tarnogórski
60%
Tyski
60%
Włoszczowski
60%
Aleksandrowski
58%
Bartoszycki
58%
Giżycki
58%
Goleniowski
58%
Kamiennogórski
58%
Kętrzyński
58%
Kolneński
58%
Konecki
58%
Kościerski
58%
Krapkowicki
58%
Kutnowski
58%
Łęczycki
58%
Lubański
58%
Lwówecki
58%
Miasto {Siemianowice Śląskie}
58%
Miasto {Tomaszów Mazowiecki}
58%
Moniecki
58%
Nowomiejski
58%
Nowotomyski
58%
Piski
58%
Płoński
58%
Pszczyński
58%
Rawicki
58%
Szamotulski
58%
Węgorzewski
58%
Wieluński
58%
Wysokomazowiecki
58%
Żagański
58%
Białobrzeski
57%
Buski
57%
Człuchowski
57%
Drawski
57%
Działdowski
57%
Górowski
57%
Gostyniński
57%
Janowski
57%
Jarociński
57%
Kłobucki
57%
Kolbuszowski
57%
Krotoszyński
57%
Łańcucki
57%
Łaski
57%
Lipski
57%
Makowski
57%
Miasto {Zduńska Wola}
57%
Miechowski
57%
Międzychodzki
57%
Rawski
57%
Sierpecki
57%
Sławieński
57%
Świebodziński
57%
Sztumski
57%
Trzebnicki
57%
Wałecki
57%
Wyszkowski
57%
Będziński
55%
Brzozowski
55%
Chełmiński
55%
Dzierżoniowski
55%
Kazimierski
55%
Kępiński
55%
Kraśnicki
55%
Lidzbarski
55%
Lipnowski
55%
Łosicki
55%
Lubaczowski
55%
Lubartowski
55%
Nidzicki
55%
Niżański
55%
Opatowski
55%
Opoczyński
55%
Ostrzeszowski
55%
Przasnyski
55%
Przeworski
55%
Radzyński
55%
Siemiatycki
55%
Suski
55%
Świecki
55%
Szczecinecki
55%
Turecki
55%
Węgrowski
55%
Wolsztyński
55%
Białogardzki
54%
Brzeziński
54%
Chodzieski
54%
Czarnkowski
54%
Kościańśki
54%
Krasnostawski
54%
Leżajski
54%
Łukowski
54%
Myśliborski
54%
Olecki
54%
Oleski
54%
Słupecki
54%
Włodawski
54%
Złotoryjski
54%
Żniński
54%
Bytowski
52%
Kozienicki
52%
Pińczowski
52%
Proszowicki
52%
Strzeliński
52%
Sulęciński
52%
Woliński
52%
Wrzesiński
52%
Ząbkowicki
52%
Golubsko-dobrzyński
51%
Łobeski
51%
Mogileński
51%
Pyrzycki
51%
Rycki
51%
Rypiński
51%
Staszowski
51%
Szydłowiecki
51%
Wąbrzeski
51%
Wołowski
51%
Złotowski
51%
Jaworski
49%
Pleszewski
49%
Sępoleński
49%
Świdwiński
49%
Szczycieński
49%
Myszkowski
48%
Pajęczański
48%
Trzcianecki
48%
Wągrowiecki
48%
Żuromiński
48%
Zwoleński
48%
Ropczycki
46%
Strzyżowski
46%
Wieruszowski
46%
Choszczeński
45%
Parczewski
45%
Poddębicki
45%
Przysuski
45%
Radziejowski
45%
Kozielski
43%
Miasto {Czeladź}
43%
Bystrzycki
40%
Nowogardzki
36%
Noworudzki
36%
Pasłęcki
34%
Sycowski
31%
Miastecki
30%
Szubiński
30%
Łapski
28%
Niemodliński
28%
Sulechowski
28%
Iłżecki
27%
Szprotawski
27%
Morąski
25%
Biskupiecki
24%
Wyrzyski
24%
Bełżycki
21%
Bychawski
19%
Grodkowski
19%
Lubski
19%
Chojeński
15%
Grodziskomazowiecki
15%
Nowodworsko-gdański
12%
Opolsko-lubelski
12%
Nie znaleziono quizów pasujących do podanych kryteriów
Rozkład punktacji
Procent ludzi z każdym wynikiem
Percentyl według liczby udzielonych odpowiedzi
Twoja historia wyników
Nie rozwiązałeś tego quizu